Κείμενα πολιτικής ψυχολογίας
Saved in:
| Main Author: | |
|---|---|
| Format: | Book |
| Language: | Greek |
| Published: |
Αθήνα :
Καστανιώτης,
1981.
|
| Subjects: | |
| Tags: |
Add Tag
No Tags, Be the first to tag this record!
|
MARC
| LEADER | 00000cam a2200000 a 4500 | ||
|---|---|---|---|
| 001 | 1/124726 | ||
| 008 | 220418s1981####gr | ||| |||| ||gre|| | ||
| 040 | |a GR-MyUa |b gre |c GR-MyUa |e AACR2 | ||
| 041 | 0 | |a gre | |
| 082 | 7 | |a 320.019 |2 (23) | |
| 100 | 1 | |a Γαλανός, Γιάννης Γ., |d 1926- | |
| 245 | 1 | 0 | |a Κείμενα πολιτικής ψυχολογίας / |c Γιάννη Γαλανού. |
| 260 | |a Αθήνα : |b Καστανιώτης, |c 1981. | ||
| 300 | |a 192 σ. ; |c 21 εκ. | ||
| 650 | 0 | |a Political psychology. | |
| 650 | 0 | |a Social psychology. | |
| 650 | 0 | |a Political socialization. | |
| 852 | |a INST |b RHODES |e 20220418 |h 320.019 ΓΑΛ |p 005400042738 |q 005400042738 |t BK |y 0 | ||
| 970 | |z 18-04-2022 | ||